Dortmunder Bezirke - Statistiken

Allgemein
  • Dieses Quiz wurde 79 mal gespielt
  • Das Durchschnittsergebnis liegt bei 8 aus 12
Antwortstatistiken
Hint Antwort % Korrekt
H Hörde
82%
A Aplerbeck
75%
B Brackel
75%
H Hombruch
68%
E Eving
65%
I Innenstadt-West
63%
I Innenstadt-Nord
60%
I Innenstadt-Ost
60%
M Mengede
60%
L Lütgendortmund
57%
S Scharnhorst
57%
H Huckarde
50%
Keine übereinstimmenden Quizze gefunden
Verteilung der Resultate
Anzahl Personen mit jedem Resultat
Perzentil nach korrekt beantworteten Fragen
Ihre Resultats-Entwicklung
Sie haben dieses Quiz noch nicht gespielt